| 000 | 00361nam a22001457a 4500 | ||
|---|---|---|---|
| 003 | SGT | ||
| 020 | _a9789354665891 | ||
| 082 |
_a611 _bB24G |
||
| 100 | _aGarg, Krishna | ||
| 245 | _aB. D. Chaurasia's Handbook of General Anatomy | ||
| 250 | _a7th Ed. | ||
| 260 |
_aDelhi, India _bC.B.S. Pub. & Distributers Pvt. Ltd. _c2024 |
||
| 300 | _a450 | ||
| 942 |
_2ddc _cBK |
||
| 999 |
_c32802 _d32802 |
||